Life is limited live unlimited (Record no. 523432)

000 -LEADER
fixed length control field 00468nam a22001577a 4500
020 ## - INTERNATIONAL STANDARD BOOK NUMBER
International Standard Book Number 9789384052768
082 ## - DEWEY DECIMAL CLASSIFICATION NUMBER
Classification number K95 D851
100 ## - MAIN ENTRY--PERSONAL NAME
Personal name Dubey, Sanjiva S.
9 (RLIN) 40007
245 ## - TITLE STATEMENT
Title Life is limited live unlimited
Statement of responsibility, etc by Sanjiva S. Dubey
260 ## - PUBLICATION, DISTRIBUTION, ETC. (IMPRINT)
Place of publication, distribution, etc New Delhi
Name of publisher, distributor, etc Bloomsbury
Date of publication, distribution, etc 2014
300 ## - PHYSICAL DESCRIPTION
Extent 193p.
650 ## - SUBJECT ADDED ENTRY--TOPICAL TERM
Topical term or geographic name as entry element Lifestyle - Well being
9 (RLIN) 40008
650 ## - SUBJECT ADDED ENTRY--TOPICAL TERM
Topical term or geographic name as entry element Self- actualization
9 (RLIN) 40009
650 ## - SUBJECT ADDED ENTRY--TOPICAL TERM
Topical term or geographic name as entry element Self culture
9 (RLIN) 40010
650 ## - SUBJECT ADDED ENTRY--TOPICAL TERM
Topical term or geographic name as entry element Self help & personal development
9 (RLIN) 40011
Holdings
Withdrawn status Lost status Source of classification or shelving scheme Damaged status Koha normalized classification for sorting Not for loan Permanent location Current location Shelving location Date acquired Full call number Barcode Date last seen Price effective from Koha item type
        K_95_000000000000000_D851   Indian Institute of Public Administration Indian Institute of Public Administration On Display 2023-08-17 K95 D851 GR24051 2023-08-17 2023-08-17 Book

Powered by Koha